000 00569nam a22002177a 4500
999 _c7635
_d7635
001 7635
003 BD-JhCC
005 20180417084546.0
008 180212s1981 bg |||| |||| 00| 0 eng d
035 _a(BD-JhCC)7635
040 _aBD-JhCC
_dBD-JhCC
041 _aeng
082 _a956
_bSAR 1981
100 _aSardesai,D. R.
245 _aSoutheast Asia :
_bPast and Present /
_cD. R. Sardesai
260 _aDhaka :
_bThe University Press Limited,
_c1981.
300 _a485 p. :
_c22.5 cm
504 _aIncludes Index.
650 _aSoutheast Asia
942 _2ddc
_cBK